| 000 | 00471nam a2200169Ia 4500 | ||
|---|---|---|---|
| 999 |
_c30599 _d30599 |
||
| 003 | OSt | ||
| 005 | 20200810102350.0 | ||
| 008 | 190216s9999||||xx |||||||||||||| ||und|| | ||
| 040 | _coclc | ||
| 082 |
_a512.8 _bARO/T |
||
| 100 |
_aArora, Prem _93381 |
||
| 245 | 0 |
_aTopics In Algebra / _cPrem Arora |
|
| 260 |
_bSulthan Chand & Sons, _c1978. _aNew Delhi: |
||
| 300 | _a380p | ||
| 650 | _aMathematics | ||
| 942 |
_cBK _2ddc _h512.8 _iARO/T _k512.8 _mARO/T |
||